000 02684nab a2200241 i 4500
003 BR-BrBNA
005 20250210115544.0
008 250210b2013 bl.qr|pooa||| 00| 0 por |
040 _aBR-BrBNA
_bpor
072 _aF70
100 _aEngels, Mathias Erich
100 _aTardivo, Rosângela Capuano
245 _aO gênero Isabelia (Orchidaceae: Laeliinae) no estado do Paraná, Brasil
500 _aPublicação on-line; 22 ref.; 4 illus.; Summaries (En, Pt)
520 _a Resumo Isabelia Barb. Rodr. é endêmico da América do Sul, constituído por três espécies e um nototáxon. No Brasil, são encontrados todos os táxons, distribuídos nos domínios fitogeográficos do Cerrado e da Mata Atlântica, nas Regiões Sul, Sudeste, Centro-oeste e Nordeste. Um estudo taxonômico do gênero Isabelia foi realizado no Paraná e os resultados revelaram a ocorrência de todas as espécies descritas: Isabelia pulchella (Kraenzl.) Van den Berg & M.W. Chase; Isabelia violacea (Lindl.) Van den Berg & M.W. Chase, Isabelia virginalis Barb. Rodr. e do nototáxon Isabelia × pabstii (Leinig) Van den Berg & M.W. Chase. São apresentadas chave de identificação, descrições morfológicas, mapa de distribuição geográfica, comentários, status de conservação e ilustrações dos táxons estudados. Palavras-chave: América do Sul, flora do Paraná, nototáxon, taxonomia. Abstract Isabelia Barb. Rodr. is a South-american endemic genus, formed by three species and a nototaxon. All taxa are found in Brazil, distributed in the phytogeografic domain of the Cerrado and of the Atlantic Forest, in the South, Southeast, Center-west and in the Northeast regions. A taxonomic study of the Isabelia was presented in Paraná and the results revealed the occurrence of all the described species: Isabelia pulchella (Kraenzl.) Van den Berg & M.W. Chase; Isabelia violacea (Lindl.) Van den Berg & M.W. Chase, Isabelia virginalis Barb. Rodr. and the nototaxon Isabelia × pabstii (Leinig) Van den Berg & M.W. Chase. Identification key, morphological descriptions, geographic distribution, comments, status of conservation and illustration are presented of each species. Key words: South-America, flora of Paraná, nototaxon, taxonomic study.
650 _aFLORA
650 _aTAXONOMIA
650 _aORCHIDACEAE
773 0 _0709
_9348215
_dRio de Janeiro-RJ Jardim Botanico do Rio de Janeiro 1935
_o2025-0704
_tRodriguésia (Brazil)
_x0370-6583; 2175-7860 on-line
_gv. 64(2) p. 369-377; (2013)
_wBR2024004097
856 _uhttps://www.scielo.br/j/rod/a/Ftpz4RB6xQwsQ4xJB3ZyBDj/?format=pdf&lang=pt
942 _cANA
999 _c329884
_d329884